000 00323nam a22001217a 4500
008 211101b ||||| |||| 00| 0 eng d
020 _a9788182965768
050 _a174.4
_b1
245 _aCase Studies Mentor In Business Studies, Class-XII
260 _aNew Delhi
_bArya Publication
_c2016
300 _a1
942 _2ddc
_cBK
999 _c11875
_d11875